[Event "Bayern-chI Bank Hofmann 25th"]
[Site "Tegernsee"]
[Date "2022.11.11"]
[Round "7"]
[White "Butenandt, Svenja"]
[Black "Pezerovic, Edin"]
[Result "0-1"]
[WhiteElo "2135"]
[BlackElo "2423"]
[PlyCount "130"]
[EventDate "2022.11.05"]
[EventType "swiss"]
[EventRounds "9"]
[EventCountry "GER"]
[SourceTitle "CBM 211 Extra"]
[Source "ChessBase"]
[SourceDate "2023.01.31"]
[SourceVersion "1"]
[SourceVersionDate "2023.01.31"]
[SourceQuality "1"]

1. d4 Nf6 2. c4 c6 3. Nc3 d5 4. Nf3 a6 5. c5 Bf5 6. Qb3 Qc8 7. Nh4 Bg6 8. g4 e6 9. Na4 Nbd7 10. g5 Ng8 11. Nxg6 hxg6 12. Bf4 Be7 13. e4 Bd8 14. Bg2 Ne7 15. f3 Bc7 16. Bd6 Qb8 17. e5 b6 18. Bxe7 Kxe7 19. cxb6 Bxb6 20. Nxb6 Qxb6 21. Qxb6 Nxb6 22. Rc1 Rac8 23. 0-0 Nc4 24. Rf2 Ne3 25. Bf1 Nf5 26. Bxa6 Rc7 27. b4 Nxd4 28. b5 Ra7 29. a4 Rb8 30. Rd1 cxb5 31. Rxd4 Rxa6 32. Rb2 Kd7 33. axb5 Ra1+ 34. Kf2 Rh1 35. Ke3 Re1+ 36. Kf4 f6 37. gxf6 gxf6 38. Ra4 g5+ 39. Kg4 Rg1+ 40. Kh5 fxe5 41. Ra7+ Kd6 42. Ra6+ Ke7 43. Kg6 g4 44. Ra7+ Kd6 45. Ra6+ Kc5 46. Rc6+ Kd4 47. Rb4+ Kd3 48. fxg4 e4 49. Rxe6 Rxg4+ 50. Kf5 Rh4 51. Rd6 Kc3 52. Rb1 d4 53. Kg5 Rhh8 54. Kf4 Rh4+ 55. Kg3 Rhh8 56. Kf4 Kc2 57. Rb4 d3 58. Rc6+ Kd1 59. Rb1+ Ke2 60. Kxe4 d2 61. Rc2 Rh4+ 62. Kd5 Rh5+ 63. Kd4 Rbxb5 64. Rh1 Rb4+ 65. Kc3 Rc5+ 0-1

[Event "Bayern-chI Bank Hofmann 22nd"]
[Site "Tegernsee"]
[Date "2018.11.01"]
[Round "6"]
[White "Pezerovic, Edin"]
[Black "Martinovic, Sasa"]
[Result "1/2-1/2"]
[WhiteElo "2420"]
[BlackElo "2555"]
[PlyCount "48"]
[EventDate "2018.10.27"]
[EventType "swiss"]
[EventRounds "9"]
[EventCountry "GER"]
[SourceTitle "CBM 187 Extra"]
[Source "ChessBase"]
[SourceDate "2018.11.04"]
[SourceVersion "1"]
[SourceVersionDate "2018.11.04"]
[SourceQuality "1"]

1. d4 g6 2. Nf3 d6 3. Bf4 Bg7 4. e3 Nd7 5. Be2 e5 6. dxe5 dxe5 7. Bg5 f6 8. Bh4 Nh6 9. Bc4 Nb6 10. Qxd8+ Kxd8 11. Bb3 e4 12. Nfd2 Nf5 13. Bg3 Nxg3 14. hxg3 f5 15. Nc3 a5 16. 0-0-0 a4 17. Nc4+ Nd7 18. Bxa4 Bxc3 19. Bxd7 Bxd7 20. bxc3 Ke7 21. Ne5 Be6 22. a4 Kf6 23. Nd7+ Ke7 24. Ne5 Kf6 1/2-1/2

[Event "Oberliga Bayern 1718"]
[Site "Bayern"]
[Date "2018.01.21"]
[Round "5.3"]
[White "Schmidt, Peter"]
[Black "Pezerovic, Edin"]
[Result "1/2-1/2"]
[WhiteElo "2383"]
[BlackElo "2421"]
[PlyCount "31"]
[EventDate "2017.10.22"]
[EventType "team-tourn"]
[EventRounds "9"]
[EventCountry "GER"]
[SourceTitle "EXT 2020"]
[Source "ChessBase"]
[SourceDate "2019.10.17"]
[SourceVersion "1"]
[SourceVersionDate "2019.10.17"]
[SourceQuality "1"]
[WhiteTeam "Passau"]
[BlackTeam "Muenchen 36"]
[WhiteTeamCountry "GER"]
[BlackTeamCountry "GER"]

1. Nf3 d5 2. g3 c6 3. Bg2 Bf5 4. c4 e6 5. cxd5 exd5 6. 0-0 Nf6 7. d3 Be7 8. Qb3 Qb6 9. Qc2 0-0 10. Nc3 h6 11. e4 Bh7 12. Be3 Qa5 13. Nd4 Na6 14. Rad1 Rfe8 15. h3 Bb4 16. Nb3 1/2-1/2

[Event "Oberliga Bayern 1718"]
[Site "Bayern"]
[Date "2017.11.26"]
[Round "3.3"]
[White "Pezerovic, Edin"]
[Black "Kostic, Vladimir G"]
[Result "1/2-1/2"]
[WhiteElo "2421"]
[BlackElo "2344"]
[PlyCount "33"]
[EventDate "2017.10.22"]
[EventType "team-tourn"]
[EventRounds "9"]
[EventCountry "GER"]
[SourceTitle "EXT 2020"]
[Source "ChessBase"]
[SourceDate "2019.10.17"]
[SourceVersion "1"]
[SourceVersionDate "2019.10.17"]
[SourceQuality "1"]
[WhiteTeam "Muenchen 36"]
[BlackTeam "Muenchen Suedost"]
[WhiteTeamCountry "GER"]
[BlackTeamCountry "GER"]

1. d4 e6 2. Bf4 c5 3. e3 Nf6 4. c3 Be7 5. Nd2 0-0 6. Bd3 Nc6 7. Ngf3 cxd4 8. cxd4 d6 9. 0-0 b6 10. h3 Bb7 11. a3 a6 12. Qe2 b5 13. Rfc1 Qb6 14. Rc2 Rac8 15. Rac1 Na7 16. Rxc8 Nxc8 17. Bxh7+ 1/2-1/2

[Event "Oberliga Bayern 1718"]
[Site "Bayern"]
[Date "2017.10.22"]
[Round "1.3"]
[White "Pezerovic, Edin"]
[Black "Popovic, Dusan"]
[Result "1/2-1/2"]
[WhiteElo "2421"]
[BlackElo "2521"]
[PlyCount "56"]
[EventDate "2017.10.22"]
[EventType "team-tourn"]
[EventRounds "9"]
[EventCountry "GER"]
[SourceTitle "EXT 2020"]
[Source "ChessBase"]
[SourceDate "2019.10.17"]
[SourceVersion "1"]
[SourceVersionDate "2019.10.17"]
[SourceQuality "1"]
[WhiteTeam "Muenchen 36"]
[BlackTeam "Deggendorf"]
[WhiteTeamCountry "GER"]
[BlackTeamCountry "GER"]

1. d4 g6 2. Bf4 Bg7 3. e3 d6 4. Nf3 Nf6 5. h3 0-0 6. Be2 Nc6 7. 0-0 Nd7 8. Bh2 e5 9. Nc3 Re8 10. a3 exd4 11. exd4 Nf6 12. Bd3 Ne7 13. Qd2 Bf5 14. Rfe1 Qd7 15. Re2 Bxd3 16. Qxd3 a6 17. Rae1 Ned5 18. Nxd5 Nxd5 19. c3 Kf8 20. Bg3 Rxe2 21. Qxe2 Nf6 22. Qc4 Re8 23. Rxe8+ Kxe8 24. Bh4 b5 25. Qe2+ Kf8 26. Bxf6 Bxf6 27. Qe4 c6 28. Ne1 Qe7 1/2-1/2

[Event "Landesliga Sued 1516"]
[Site "Bayern"]
[Date "2016.04.10"]
[Round "9.2"]
[White "Deglmann, Ludwig"]
[Black "Pezerovic, Edin"]
[Result "1/2-1/2"]
[WhiteElo "2264"]
[BlackElo "2404"]
[PlyCount "27"]
[EventDate "2015.10.11"]
[EventType "team-tourn"]
[EventRounds "9"]
[EventCountry "GER"]
[SourceTitle "EXT 2018"]
[Source "ChessBase"]
[SourceDate "2017.10.13"]
[SourceVersion "1"]
[SourceVersionDate "2017.10.13"]
[SourceQuality "1"]
[WhiteTeam "Weilheim"]
[BlackTeam "Muenchen 36"]
[WhiteTeamCountry "GER"]
[BlackTeamCountry "GER"]

1. d4 d5 2. c4 c6 3. Nf3 Nf6 4. Nc3 a6 5. c5 Bf5 6. Bf4 h6 7. h3 e6 8. e3 Be7 9. Nd2 Qc8 10. Be2 Bd8 11. b4 Bc7 12. Bxc7 Qxc7 13. Nb3 Nbd7 14. Bd3 1/2-1/2

[Event "Bad Woerishofen op 32nd"]
[Site "Bad Woerishofen"]
[Date "2016.03.02"]
[Round "6"]
[White "Pezerovic, Edin"]
[Black "Werle, Jan"]
[Result "1/2-1/2"]
[WhiteElo "2423"]
[BlackElo "2545"]
[PlyCount "143"]
[EventDate "2016.02.26"]
[EventType "swiss"]
[EventRounds "9"]
[EventCountry "GER"]
[SourceTitle "CBM 171 Extra"]
[Source "ChessBase"]
[SourceDate "2016.04.26"]
[SourceVersion "1"]
[SourceVersionDate "2016.04.26"]
[SourceQuality "1"]

1. d4 Nf6 2. Bf4 e6 3. e3 d5 4. Nd2 c5 5. c3 Nc6 6. Ngf3 Bd6 7. Bg3 0-0 8. Bd3 b6 9. Ne5 Bb7 10. 0-0 Qc7 11. Nxc6 Bxc6 12. Bxd6 Qxd6 13. Nf3 c4 14. Bc2 b5 15. Ne5 a5 16. Qf3 Ra7 17. Qh3 Ne4 18. f3 Ng5 19. Qh5 f6 20. Nxc6 Qxc6 21. e4 dxe4 22. h4 g6 23. Qg4 Nf7 24. fxe4 e5 25. d5 Qb6+ 26. Kh1 Kg7 27. Rf3 h5 28. Qg3 Nh6 29. Bd1 Nf7 30. Bc2 Nd6 31. Raf1 Raf7 32. Qe1 b4 33. Rg3 Kh7 34. Bd1 f5 35. exf5 Nxf5 36. Rgf3 Qd6 37. Kg1 bxc3 38. bxc3 Qxd5 39. Bc2 Nd6 40. Rxf7+ Rxf7 41. Rxf7+ Nxf7 42. Qe2 Kg7 43. g4 hxg4 44. Qxg4 Qc5+ 45. Kh1 Qc6+ 46. Be4 Qf6 47. h5 Qf1+ 48. Kh2 Qf2+ 49. Kh1 g5 50. h6+ Kxh6 51. Qe6+ Kg7 52. Qxc4 Qh4+ 53. Kg2 Qg4+ 54. Kf2 Qf4+ 55. Kg2 Qd2+ 56. Kg3 Qf4+ 57. Kg2 g4 58. Qd3 Nd6 59. Qxd6 Qxe4+ 60. Kg3 Qf3+ 61. Kh4 Qf4 62. Qe7+ Kg6 63. Qe6+ Qf6+ 64. Qxf6+ Kxf6 65. Kxg4 Ke6 66. c4 a4 67. a3 Kd6 68. Kf5 Kc5 69. Kxe5 Kxc4 70. Ke4 Kb3 71. Kd3 Kxa3 72. Kc2 1/2-1/2

[Event "Landesliga Sued 1516"]
[Site "Bayern"]
[Date "2016.01.17"]
[Round "5.1"]
[White "Schmitz, Thorsten"]
[Black "Pezerovic, Edin"]
[Result "0-1"]
[WhiteElo "2256"]
[BlackElo "2404"]
[PlyCount "82"]
[EventDate "2015.10.11"]
[EventType "team-tourn"]
[EventRounds "9"]
[EventCountry "GER"]
[SourceTitle "EXT 2018"]
[Source "ChessBase"]
[SourceDate "2017.10.13"]
[SourceVersion "1"]
[SourceVersionDate "2017.10.13"]
[SourceQuality "1"]
[WhiteTeam "Garching II"]
[BlackTeam "Muenchen 36"]
[WhiteTeamCountry "GER"]
[BlackTeamCountry "GER"]

1. e4 c6 2. c4 d5 3. exd5 cxd5 4. cxd5 Nf6 5. Bb5+ Nbd7 6. Nc3 g6 7. d4 Bg7 8. d6 exd6 9. Qe2+ Qe7 10. Bf4 Qxe2+ 11. Bxe2 0-0 12. Bxd6 Re8 13. Nf3 Ne4 14. Bf4 Nxc3 15. bxc3 Nb6 16. h3 Bf5 17. Kf1 Rac8 18. Bd2 Nc4 19. Be1 Na3 20. Bd2 Nb1 21. Bb5 Re7 22. Bg5 f6 23. Bf4 Nxc3 24. Bd6 Re6 25. Bd7 Rxd6 26. Bxc8 Bxc8 27. Kg1 Ne2+ 28. Kh2 Nxd4 29. Nxd4 Rxd4 30. Rac1 Bd7 31. Rc7 Bf8 32. Rxb7 Bd6+ 33. g3 Bc6 34. Rxa7 Bxh1 35. Kxh1 Rd2 36. Rd7 Bb4 37. Rxd2 Bxd2 38. f4 Kf7 39. Kg2 Ke6 40. Kf3 f5 41. g4 Kd5 0-1

[Event "Bayern-chI Bank Hofmann 19th"]
[Site "Bad Wiessee"]
[Date "2015.11.01"]
[Round "2"]
[White "Leeb, Simon"]
[Black "Pezerovic, Edin"]
[Result "0-1"]
[WhiteElo "2088"]
[BlackElo "2408"]
[PlyCount "78"]
[EventDate "2015.10.31"]
[EventType "swiss"]
[EventRounds "9"]
[EventCountry "GER"]
[SourceTitle "EXT 2017"]
[Source "ChessBase"]
[SourceDate "2016.10.25"]
[SourceVersion "1"]
[SourceVersionDate "2016.10.25"]
[SourceQuality "1"]

1. d4 d5 2. c4 c6 3. Nc3 Nf6 4. Nf3 a6 5. c5 Bf5 6. Bf4 Nbd7 7. e3 e6 8. Bd3 Be7 9. h3 0-0 10. 0-0 Re8 11. Re1 Qc8 12. Qc2 Bg6 13. b4 Bd8 14. Bxg6 hxg6 15. Nd2 Nh5 16. Bh2 f5 17. Ne2 Bc7 18. Bxc7 Qxc7 19. f4 Nhf6 20. Nf3 a5 21. a3 Ra6 22. Ra2 Ne4 23. Nc3 axb4 24. axb4 Rxa2 25. Nxa2 g5 26. Ne5 gxf4 27. exf4 Nxe5 28. fxe5 Qe7 29. Nc3 Ra8 30. Nxe4 dxe4 31. Qc4 Kh7 32. Rf1 Ra3 33. Qe2 Qg5 34. Qc4 Rxh3 35. Qxe6 e3 36. Re1 Rh1+ 37. Kxh1 Qh4+ 38. Kg1 Qxe1+ 39. Kh2 Qh4+ 0-1

[Event "Graz op-A"]
[Site "Graz"]
[Date "2015.02.15"]
[Round "4"]
[White "Rambaldi, Francesco"]
[Black "Pezerovic, Edin"]
[Result "1/2-1/2"]
[WhiteElo "2490"]
[BlackElo "2413"]
[PlyCount "140"]
[EventDate "2015.02.13"]
[EventType "swiss"]
[EventRounds "9"]
[EventCountry "AUT"]
[SourceTitle "CBM 164 Extra"]
[Source "ChessBase"]
[SourceDate "2015.03.02"]
[SourceVersion "1"]
[SourceVersionDate "2015.03.02"]
[SourceQuality "1"]

1. e4 c6 2. Nc3 d5 3. Nf3 Bg4 4. h3 Bxf3 5. Qxf3 e6 6. d4 Nf6 7. Bd3 dxe4 8. Nxe4 Nxe4 9. Qxe4 Qd5 10. 0-0 Qxe4 11. Bxe4 Bd6 12. Re1 0-0 13. c3 Nd7 14. Bd2 Rad8 15. Rad1 Nf6 16. Bf3 Bc7 17. g3 Rd7 18. Bc1 Rfd8 19. Kf1 h6 20. h4 Bd6 21. h5 Kf8 22. Be2 Bc7 23. Kg2 Kg8 24. f4 Nd5 25. Kf3 f5 26. Bd3 Rd6 27. Bc4 Kf7 28. g4 fxg4+ 29. Kxg4 Rf8 30. Re2 Bd8 31. Rde1 b5 32. Bb3 Re8 33. Bc2 Nf6+ 34. Kf3 Nxh5 35. f5 Bg5 36. Bxg5 hxg5 37. fxe6+ Kf6 38. e7 Nf4 39. Re5 g6 40. Kg4 Re6 41. Rxe6+ Nxe6 42. Be4 Rxe7 43. Bxc6 a6 44. Bd5 Nc7 45. Rxe7 Kxe7 46. Be4 Kf6 47. a3 a5 48. Kf3 Ne8 49. Bd3 Nc7 50. Ke4 Ke6 51. Be2 Kd6 52. b3 Nd5 53. c4 Nf6+ 54. Ke3 bxc4 55. bxc4 Ke6 56. Bf3 g4 57. Bg2 g5 58. c5 Nd7 59. Bb7 Nf6 60. Ba8 Nd7 61. Bc6 Nf6 62. Bb7 Kd7 63. Bg2 Ke6 64. Be4 Nd7 65. Bc2 Nf6 66. Bb3+ Kd7 67. Ba4+ Ke6 68. Bb3+ Kd7 69. Bc4 Ke7 70. Bb3 Kd7 1/2-1/2

[Event "Graz op-A"]
[Site "Graz"]
[Date "2015.02.13"]
[Round "1"]
[White "Pezerovic, Edin"]
[Black "Dimitriadis, Michael"]
[Result "1-0"]
[WhiteElo "2413"]
[BlackElo "2094"]
[PlyCount "55"]
[EventDate "2015.02.13"]
[EventType "swiss"]
[EventRounds "9"]
[EventCountry "AUT"]
[SourceTitle "CBM 164 Extra"]
[Source "ChessBase"]
[SourceDate "2015.03.02"]
[SourceVersion "1"]
[SourceVersionDate "2015.03.02"]
[SourceQuality "1"]

1. d4 Nf6 2. Nf3 g6 3. Bf4 Bg7 4. e3 0-0 5. h3 d6 6. Bc4 Nfd7 7. Nc3 e5 8. Bg5 Bf6 9. Bh6 Bg7 10. Bxg7 Kxg7 11. 0-0 Nb6 12. Bb3 Nc6 13. a4 exd4 14. exd4 a5 15. d5 Nb4 16. Ne4 h6 17. Qd4+ f6 18. Rfe1 Nd7 19. Nh4 Na6 20. c3 Kh7 21. Bc2 f5 22. Nd2 Ne5 23. g3 c5 24. dxc6 Nxc6 25. Qe3 Nc7 26. Nc4 Ne8 27. Rad1 Rf6 28. Qxe8 1-0

[Event "Landesliga Sued 1415"]
[Site "Bayern"]
[Date "2015.02.01"]
[Round "6.1"]
[White "Pezerovic, Edin"]
[Black "Sedlak, Nikola"]
[Result "1/2-1/2"]
[WhiteElo "2404"]
[BlackElo "2528"]
[PlyCount "90"]
[EventDate "2014.10.19"]
[EventType "team-tourn"]
[EventRounds "9"]
[EventCountry "GER"]
[SourceTitle "EXT 2018"]
[Source "ChessBase"]
[SourceDate "2017.10.13"]
[SourceVersion "1"]
[SourceVersionDate "2017.10.13"]
[SourceQuality "1"]
[WhiteTeam "Muenchen 36"]
[BlackTeam "Deggendorf"]
[WhiteTeamCountry "GER"]
[BlackTeamCountry "GER"]

1. d4 Nf6 2. Nf3 g6 3. Bf4 Bg7 4. e3 0-0 5. h3 d6 6. c3 Nc6 7. Bc4 Nd7 8. 0-0 e5 9. dxe5 Ncxe5 10. Be2 Nxf3+ 11. Bxf3 Ne5 12. Be2 Bf5 13. Na3 d5 14. Qb3 c6 15. Rad1 Qb6 16. Rd2 Nd7 17. Qd1 Rfe8 18. Qc1 Nf6 19. Nc2 c5 20. Bf3 Be6 21. Na3 Rad8 22. Bg5 h6 23. Bxf6 Bxf6 24. Nc2 Rd7 25. Be2 Rc8 26. Qb1 Rcd8 27. Rfd1 h5 28. Bd3 Kg7 29. Ne1 d4 30. exd4 cxd4 31. c4 Qc7 32. b3 Qf4 33. Re2 Re7 34. Qc1 Qxc1 35. Rxc1 g5 36. Nf3 g4 37. hxg4 hxg4 38. Nd2 Bg5 39. Rce1 g3 40. Nf1 gxf2+ 41. Kxf2 Rc7 42. Re5 Kf6 43. Ng3 Be3+ 44. R5xe3 dxe3+ 45. Rxe3 Rcd7 1/2-1/2